skbl

Dr Suryya Kumar Bhuyan Library Web-OPAC
ডঃ সূৰ্য্য
কুমাৰ ভূঞা পুথিভঁৰাল ৱেব-অ'পেক

All Research Scholars are advised to clear the annual library fees to continue using Library Resources, Remote Access, Plagiarism Test and Library Clearance.

Cotton University Book Fair 2026

Chronicle of the Cinema / (Record no. 51991)

MARC details
000 -LEADER
fixed length control field 00619nam a2200241Ia 4500
001 - CONTROL NUMBER
control field 52027
005 - DATE AND TIME OF LATEST TRANSACTION
control field 20240114005248.0
007 - PHYSICAL DESCRIPTION FIXED FIELD--GENERAL INFORMATION
fixed length control field ta
008 - FIXED-LENGTH DATA ELEMENTS--GENERAL INFORMATION
fixed length control field 100312s1995 g b000 u 903 u
040 ## - CATALOGING SOURCE
Original cataloging agency Cotton College,Assam
041 ## - LANGUAGE CODE
Language code of text/sound track or separate title 903
082 ## - DEWEY DECIMAL CLASSIFICATION NUMBER
Classification number 791.43
Item number Ka 147 Ch
100 ## - MAIN ENTRY--PERSONAL NAME
Personal name Karney, Robyn.
245 #0 - TITLE STATEMENT
Title Chronicle of the Cinema /
Statement of responsibility, etc. Robyn Karney.
Medium Textual Documents
250 ## - EDITION STATEMENT
Edition statement ist ed /
260 ## - PUBLICATION, DISTRIBUTION, ETC.
Place of publication, distribution, etc. London :
Name of publisher, distributor, etc. Dorling Kindersley ,
Date of publication, distribution, etc. 1995.
300 ## - PHYSICAL DESCRIPTION
Extent 920pg ;
Dimensions 29cm.
653 ## - INDEX TERM--UNCONTROLLED
Uncontrolled term Movie
653 ## - INDEX TERM--UNCONTROLLED
Uncontrolled term Reference section
942 ## - ADDED ENTRY ELEMENTS (KOHA)
Source of classification or shelving scheme Dewey Decimal Classification
Koha item type Books
Holdings
Withdrawn status Lost status Damaged status Not for loan Collection Home library Current library Date acquired Coded location qualifier Total checkouts Full call number Barcode Date last seen Copy number Price effective from Koha item type
      Not for loan   Dr. Suryya Kumar Bhuyan Library Dr. Suryya Kumar Bhuyan Library 01/02/2012 00000   791.43 Ka 147 Ch 1727/El 14/01/2024 1 01/02/2012 Books

Designed and Maintained by Team SKBL
©1901-2026

Powered by Koha